[Event "Landsturneringen NM i sjakk 2013"]
[Site "Radisson Blu Lillehammer Hotel"]
[Date "2013.06.29"]
[Round "1"]
[White "Pedersen, Ole Petter"]
[Black "Olsen, Rolf A"]
[Result "0-1"]
[WhiteElo "1415"]
[BlackElo "1338"]
[PlyCount "96"]
[EventDate "2013.??.??"]

1. d4 Nf6 2. c4 g6 3. Nc3 Bg7 4. Nf3 d6 5. e4 O-O 6. Be2 Nbd7 7. Be3 Ng4 8. Bg5
f6 9. Bh4 e5 10. O-O Qe8 11. dxe5 dxe5 12. Nd5 Qd8 13. Qc2 c6 14. Nc3 Nh6 15.
Rad1 Qc7 16. Rd2 Nc5 17. b4 Ne6 18. Rfd1 Nf4 19. c5 Be6 20. Bg3 Nxe2+ 21. Nxe2
Rad8 22. Ned4 Qe7 23. Nxe6 Rxd2 24. Rxd2 Qxe6 25. Rd6 Qe7 26. Qd3 Nf7 27. Rd7
Rd8 28. Rxd8+ Qxd8 29. Qc2 Bh6 30. Kf1 b5 31. cxb6 Qxb6 32. a3 Bf8 33. Qd3 a5
34. bxa5 Qxa5 35. Qc4 Qb5 36. Nd2 Bxa3 37. Ke2 Bb4 38. Kd3 Bxd2 39. Qxb5 cxb5
40. Kxd2 Nd6 41. f3 Kf7 42. Kc3 Ke6 43. Kb4 f5 44. exf5+ gxf5 45. Bf2 h5 46. g3
Kd5 47. Kc3 e4 48. fxe4+ Nxe4+ 0-1

[Event "Landsturneringen NM i sjakk 2013"]
[Site "Radisson Blu Lillehammer Hotel"]
[Date "2013.06.29"]
[Round "1"]
[White "Gaarder, Hans K"]
[Black "Stanghelle, Anders"]
[Result "1-0"]
[WhiteElo "1404"]
[BlackElo "1333"]
[PlyCount "62"]
[EventDate "2013.??.??"]

1. c4 f5 2. Nf3 Nf6 3. Nc3 g6 4. g3 Bg7 5. Qb3 Nc6 6. Bg2 e5 7. O-O O-O 8. d3
h6 9. Bd2 Rb8 10. Rac1 d6 11. Nh4 Nd4 12. Qd1 Kh7 13. e3 Ne6 14. f4 exf4 15.
gxf4 c6 16. Rc2 Nc5 17. Be1 Be6 18. b4 Ncd7 19. Bf3 Qb6 20. Qc1 Ng4 21. Nd1 c5
22. b5 h5 23. Rg2 Ndf6 24. h3 g5 25. fxg5 Nxe3 26. Nxe3 f4 27. gxf6 Bxf6 28.
Nd5 Bd4+ 29. Bf2 Bxf2+ 30. Rfxf2 Qd8 31. Be4+ Kh6 1-0

[Event "Landsturneringen NM i sjakk 2013"]
[Site "Radisson Blu Lillehammer Hotel"]
[Date "2013.06.29"]
[Round "1"]
[White "Prytz, Tormod"]
[Black "Ødegaard, Karl Eirik"]
[Result "0-1"]
[WhiteElo "1377"]
[BlackElo "1258"]
[PlyCount "70"]
[EventDate "2013.??.??"]

1. e4 e5 2. Nf3 Nf6 3. Nc3 d6 4. d4 exd4 5. Nxd4 Be7 6. Be2 Nc6 7. Be3 O-O 8.
f3 Nxd4 9. Bxd4 Be6 10. Be3 Re8 11. Qd2 Bf8 12. O-O-O a6 13. Bg5 Be7 14. Kb1 h6
15. Be3 b5 16. a3 Nh7 17. g3 c6 18. Bd3 a5 19. Ne2 b4 20. Nf4 bxa3 21. Nxe6
fxe6 22. bxa3 Rb8+ 23. Ka2 d5 24. exd5 cxd5 25. Bxh7+ Kxh7 26. Rb1 Qd6 27. Qd3+
g6 28. Rxb8 Rxb8 29. Bd2 Qb6 30. Qb3 Qd6 31. Qe3 Bg5 32. f4 Bf6 33. Bc1 d4 34.
Qd3 Qd5+ 35. Ka1 Qxh1
0-1

[Event "Landsturneringen NM i sjakk 2013"]
[Site "Radisson Blu Lillehammer Hotel"]
[Date "2013.06.29"]
[Round "1"]
[White "Mørkedal, Øyvind"]
[Black "Gåsøy, Joakim"]
[Result "1-0"]
[WhiteElo "1346"]
[BlackElo "1277"]
[PlyCount "47"]
[EventDate "2013.??.??"]

1. e4 c6 2. d4 d5 3. exd5 cxd5 4. c4 Nf6 5. Nc3 e6 6. c5 b6 7. Bb5+ Bd7 8.
Bxd7+ Nbxd7 9. c6 Nb8 10. Qa4 Qc8 11. Nb5 a6 12. Bf4 Nxc6 13. Nc7+ Kd7 14. Nxa8
Qxa8 15. Nf3 Bb4+ 16. Ke2 b5 17. Ne5+ Nxe5 18. Qxb4 Ng6 19. Qd6+ Ke8 20. f3
Nxf4+ 21. Qxf4 Qd8 22. Rac1 Nh5 23. Qc7 g5 24. Qb7 1-0

[Event "Landsturneringen NM i sjakk 2013"]
[Site "Radisson Blu Lillehammer Hotel"]
[Date "2013.06.29"]
[Round "1"]
[White "Fredriksen, Frode"]
[Black "Jensen, Torben Winther"]
[Result "0-1"]
[WhiteElo "1331"]
[BlackElo "1491"]
[PlyCount "113"]
[EventDate "2013.??.??"]

1. Nf3 d5 2. d4 Nc6 3. c4 e6 4. e3 g6 5. Nc3 Bg7 6. cxd5 exd5 7. Bb5 Nge7 8.
O-O O-O 9. Bd2 a6 10. Be2 Rb8 11. Rc1 h6 12. Re1 Bf5 13. Nh4 Be6 14. g3 g5 15.
Ng2 Bf5 16. Bf3 Nb4 17. e4 dxe4 18. Bxe4 Bxe4 19. Rxe4 Nbd5 20. h4 Nxc3 21.
bxc3 gxh4 22. Rxh4 Ng6 23. Rh5 Qd7 24. Bxh6 Bxh6 25. Rxh6 Kg7 26. Rh5 Rh8 27.
Nh4 Rxh5 28. Qxh5 Rh8 29. Nf5+ Kf6 30. Nh6 Kg7 31. Nf5+ Kf8 32. Qg5 Qd5 33. f3
c5 34. dxc5 Qxc5+ 35. Qe3 Qxf5 36. g4 Qe5 37. Qxe5 Nxe5 38. Kg2 Nc4 39. Kg3 Ke7
40. Re1+ Kf6 41. Re4 b5 42. a4 Rc8 43. axb5 axb5 44. f4 Rc5 45. Kh4 Nd2 46. Re3
Rd5 47. g5+ Kf5 48. Re7 f6 49. Kh5 Kxf4 50. Rf7 Rxg5+ 51. Kh6 Kf5 52. Rd7 Nc4
53. Rd5+ Ke6 54. Rxg5 fxg5 55. Kxg5 Ke5 56. Kg4 Ke4 57. Kg3 0-1

[Event "Landsturneringen NM i sjakk 2013"]
[Site "Radisson Blu Lillehammer Hotel"]
[Date "2013.06.29"]
[Round "1"]
[White "Hoem, Audun"]
[Black "Sørensen, Idar"]
[Result "1-0"]
[WhiteElo "1376"]
[BlackElo "1230"]
[PlyCount "60"]
[EventDate "2013.??.??"]

1. Nf3 Nc6 2. g3 d6 3. d4 e6 4. Bg2 Nf6 5. O-O Be7 6. c4 O-O 7. Nc3 Bd7 8. Re1
a6 9. e4 h6 10. e5 Nh7 11. Bf4 Rb8 12. Ne4 d5 13. cxd5 exd5 14. Nc3 Be6 15. Nd2
Nb4 16. Nf1 Bf5 17. Ne3 Be6 18. a3 g5 19. Bxg5 Nxg5 20. axb4 Bxb4 21. f4 Ne4
22. f5 Bc8 23. Ncxd5 Bxe1 24. Bxe4 Bxg3 25. Qg4+ Kh8 26. hxg3 Rg8 27. Qh5 Rxg3+
28. Kf2 Qg5 29. Qxf7 Qh4 30. Qf6+ Rg7+
1-0

[Event "Landsturneringen NM i sjakk 2013"]
[Site "Radisson Blu Lillehammer Hotel"]
[Date "2013.06.29"]
[Round "1"]
[White "Fossan, Andreas"]
[Black "Jacobsen, Hans-Henry"]
[Result "1-0"]
[WhiteElo "1289"]
[BlackElo "1428"]
[PlyCount "52"]
[EventDate "2013.??.??"]

1. d4 Nf6 2. c4 c5 3. Nf3 g6 4. Nc3 cxd4 5. Nxd4 Nc6 6. e3 Bg7 7. Be2 O-O 8.
O-O d6 9. b3 Bd7 10. Bb2 Rc8 11. Qd2 a6 12. Rfd1 Qa5 13. Nxc6 Bxc6 14. Nd5 Qxd2
15. Nxe7+ Kh8 16. Rxd2 Rcd8 17. Nxc6 bxc6 18. Bf3 c5 19. Rad1 Rfe8 20. Rxd6
Rxd6 21. Rxd6 Ne4 22. Bxg7+ Kxg7 23. Bxe4 Rxe4 24. Rxa6 Re6 25. Rxe6 fxe6 26.
a4 Kf7
1-0

[Event "Landsturneringen NM i sjakk 2013"]
[Site "Radisson Blu Lillehammer Hotel"]
[Date "2013.06.29"]
[Round "1"]
[White "Kjernlie, Ole Ivar"]
[Black "Jakobsen, Øivind"]
[Result "0-1"]
[WhiteElo "1227"]
[BlackElo "1368"]
[PlyCount "132"]
[EventDate "2013.??.??"]

1. e4 c5 2. b4 e6 3. Nf3 Nf6 4. e5 Nd5 5. bxc5 Bxc5 6. a3 Qa5 7. Be2 Nc6 8. O-O
Nd4 9. c3 Nxe2+ 10. Qxe2 O-O 11. c4 Nf4 12. Qe4 Ng6 13. d4 Be7 14. Bd2 Qd8 15.
c5 f5 16. Qd3 b6 17. cxb6 Qxb6 18. Nc3 Ba6 19. Na4 Qc6 20. Qb3 Bxf1 21. Kxf1
Rab8 22. Qd1 Qb5+ 23. Kg1 Rfc8 24. Nc3 Qb3 25. Qe1 Bxa3 26. Rb1 Qc4 27. Ra1 Rb3
28. Ne2 Qc2 29. Bc1 Bb4 30. Bd2 Bxd2 31. Nxd2 Rbb8 32. Rc1 Qd3 33. Rd1 Rc2 34.
h3 Rbb2 35. Nc1 Qxd4 36. Nf3 Qxf2+ 37. Qxf2 Rxf2 38. Nd3 Rxg2+ 39. Kh1 Ra2 40.
Nde1 Rge2 41. Nd3 Nf8 42. Nc1 Ra1 43. Nxe2 Rxd1+ 44. Kg2 h6 45. h4 Nh7 46. Kf2
Kf7 47. Nc3 Ra1 48. Ke3 g5 49. hxg5 hxg5 50. Ke2 Kg6 51. Kf2 Kh5 52. Ne2 Ra2
53. Kf1 Kg4 54. Nh2+ Kh4 55. Nf3+ Kh3 56. Nfg1+ Kg4 57. Nc3 Ra1+ 58. Kg2 Rxg1+
59. Kxg1 Kf4 60. Na4 Kxe5 61. Kg2 Kd4 62. Kf2 e5 63. Nb2 Nf6 64. Nd1 Ne4+ 65.
Kf3 g4+ 66. Kg2 a5 0-1

[Event "Landsturneringen NM i sjakk 2013"]
[Site "Radisson Blu Lillehammer Hotel"]
[Date "2013.06.29"]
[Round "1"]
[White "Kveli, Lars"]
[Black "Berezkin, Alexander"]
[Result "0-1"]
[WhiteElo "1449"]
[BlackElo "1345"]
[PlyCount "98"]
[EventDate "2013.??.??"]

1. d4 d5 2. Nf3 Nf6 3. e3 c5 4. b3 Nc6 5. a3 cxd4 6. exd4 Bg4 7. Bb2 g6 8. Bd3
Bg7 9. Nbd2 O-O 10. O-O Re8 11. h3 Bd7 12. c4 e6 13. Rc1 Nh5 14. Ne5 Nf4 15.
Ndf3 Nxe5 16. dxe5 Nxd3 17. Qxd3 dxc4 18. Qxc4 Rc8 19. Qd4 Bc6 20. Qe3 Bxf3 21.
Qxf3 Rxc1 22. Rxc1 Qd2 23. Qc3 Qxc3 24. Rxc3 Bxe5 25. Rc2 Bxb2 26. Rxb2 Rd8 27.
g4 g5 28. Kg2 Kg7 29. a4 f5 30. Rc2 Rd7 31. b4 Kf6 32. b5 b6 33. gxf5 Kxf5 34.
a5 bxa5 35. Ra2 e5 36. Rxa5 h5 37. h4 gxh4 38. Kh3 Rh7 39. Kxh4 Kf4 40. Ra3 e4
41. Kh3 Rd7 42. Kh4 Rd5 43. Rxa7 Rxb5 44. Rf7+ Rf5 45. Re7 Kf3 46. Kh3 Rf4 47.
Rb7 Kxf2 48. Rb2+ Kf3 49. Rg2 Rh4+ 0-1

[Event "Landsturneringen NM i sjakk 2013"]
[Site "Radisson Blu Lillehammer Hotel"]
[Date "2013.06.29"]
[Round "1"]
[White "Wærstad, Leif Edvin"]
[Black "Steinkellner, Rudolf"]
[Result "0-1"]
[WhiteElo "1332"]
[BlackElo "1449"]
[PlyCount "72"]
[EventDate "2013.??.??"]

1. c4 e6 2. g3 Nf6 3. Bg2 c6 4. Nc3 d5 5. cxd5 cxd5 6. d4 Nc6 7. Nf3 Be7 8. a3
Bd7 9. Bd2 Rc8 10. Rc1 O-O 11. O-O Na5 12. Ne5 Nc4 13. Nxc4 Rxc4 14. e3 Qb6 15.
b3 Rc7 16. b4 Rfc8 17. Ne2 Qa6 18. Rxc7 Rxc7 19. Re1 Qxa3 20. Qb1 Ne8 21. e4
dxe4 22. Bxe4 Nf6 23. Bg2 Bd6 24. Nf4 Qa4 25. Nd3 Qc2 26. Bf4 Bxf4 27. Nxf4
Qxb1 28. Rxb1 Kf8 29. b5 b6 30. Nd3 Rc4 31. d5 Rd4 32. dxe6 Bxe6 33. Ne5 Bf5
34. Ra1 g6 35. Bc6 Be4 36. Rxa7 Rd1# 0-1

[Event "Landsturneringen NM i sjakk 2013"]
[Site "Radisson Blu Lillehammer Hotel"]
[Date "2013.06.29"]
[Round "1"]
[White "Knutsen, Tom-Greger"]
[Black "Carstensen, Øyvind"]
[Result "0-1"]
[WhiteElo "1246"]
[BlackElo "1348"]
[PlyCount "100"]
[EventDate "2013.??.??"]

1. d4 c5 2. c3 e6 3. Nf3 Nf6 4. Bg5 Be7 5. Nbd2 d5 6. e3 Nbd7 7. Bd3 c4 8. Bc2
b5 9. a3 Bb7 10. Bxf6 Nxf6 11. Ne5 Qc7 12. f4 Ne4 13. Nxe4 dxe4 14. O-O O-O 15.
Qh5 g6 16. Qh6 Bf6 17. g4 Bg7 18. Qh3 f6 19. g5 f5 20. Kf2 Rad8 21. Rfd1 Bxe5
22. dxe5 Bd5 23. Rd4 a5 24. Qf1 Ra8 25. Qd1 Kg7 26. h4 Qf7 27. b3 Rfb8 28. bxc4
bxc4 29. Rb1 Rb7 30. Rxb7 Qxb7 31. Qc1 Rb8 32. Rd2 Qb2 33. Qxb2 Rxb2 34. Ke2
Ra2 35. a4 Ra3 36. Bd1 Rxc3 37. Rc2 Rb3 38. Ra2 Rb4 39. Rc2 Rxa4 40. Kd2 Ra3
41. Rc3 Ra1 42. Rc1 Rxc1 43. Kxc1 Kf7 44. Kb2 Ke7 45. Ba4 Kd8 46. Kc3 Kc7 47.
Be8 Bc6 48. Bxg6 hxg6 49. h5 gxh5 50. g6 Be8 0-1

[Event "Landsturneringen NM i sjakk 2013"]
[Site "Radisson Blu Lillehammer Hotel"]
[Date "2013.06.29"]
[Round "1"]
[White "Olsen, Trygve"]
[Black "Kristiansen, Oddvar"]
[Result "0-1"]
[WhiteElo "1287"]
[BlackElo "1389"]
[PlyCount "67"]
[EventDate "2013.??.??"]

1. e4 c5 2. f4 Nf6 3. Bc4 d5 4. exd5 Nxd5 5. Qf3 e6 6. f5 Qh4+ 7. g3 Qxc4 8.
Na3 Qa6 9. c4 Nc7 10. f6 Nc6 11. Qf1 Nd4 12. Ne2 Qc6 13. Nxd4 cxd4 14. d3 e5
15. fxg7 Bxg7 16. h3 O-O 17. Bd2 a6 18. O-O-O Be6 19. Kb1 b5 20. Rc1 Qb7 21. c5
b4 22. Nc4 Bxc4 23. Rxc4 Nd5 24. Ka1 Qc6 25. Qf3 f5 26. Rf1 e4 27. dxe4 fxe4
28. Qd1 Rxf1 29. Qxf1 Rf8 30. Qe1 e3 31. Bc1 Rf2 32. h4 Qb5 33. b3 d3+ 34. Kb1
0-1

[Event "Landsturneringen NM i sjakk 2013"]
[Site "Radisson Blu Lillehammer Hotel"]
[Date "2013.06.29"]
[Round "1"]
[White "Stensen, Lars A"]
[Black "Blom, Geir"]
[Result "0-1"]
[WhiteElo "1360"]
[BlackElo "1271"]
[PlyCount "68"]
[EventDate "2013.??.??"]

1. d4 Nf6 2. c4 g6 3. Nc3 d5 4. cxd5 Nxd5 5. e4 Nxc3 6. bxc3 Bg7 7. Bc4 c5 8.
Be3 Nc6 9. Ne2 O-O 10. a4 cxd4 11. cxd4 Qa5+ 12. Bd2 Qd8 13. Be3 Bd7 14. O-O
Na5 15. Ba2 Rc8 16. Rc1 Rxc1 17. Nxc1 Qe8 18. d5 Bxa4 19. Qe1 b6 20. Qb4 Qd7
21. Nb3 Nxb3 22. Bxb3 Bxb3 23. Qxb3 Rc8 24. Rc1 Rxc1+ 25. Bxc1 Qc7 26. Bb2 Bxb2
27. Qxb2 Qc5 28. Qd2 f6 29. g4 a5 30. Kg2 Qb4 31. Qf4 a4 32. g5 f5 33. f3 a3
34. Qe5 Qb2+
0-1

[Event "Landsturneringen NM i sjakk 2013"]
[Site "Radisson Blu Lillehammer Hotel"]
[Date "2013.06.29"]
[Round "1"]
[White "Tallaksen, Henrik G"]
[Black "Larsen, Bror Johannes"]
[Result "1-0"]
[WhiteElo "1293"]
[BlackElo "1463"]
[PlyCount "75"]
[EventDate "2013.??.??"]

1. c4 Nf6 2. Nc3 d6 3. g3 Nbd7 4. Bg2 g6 5. Nf3 Bg7 6. O-O O-O 7. d3 e5 8. Bd2
Rb8 9. Rb1 Nh5 10. b4 f5 11. Qb3 c5 12. a4 h6 13. Nb5 Nb6 14. a5 a6 15. axb6
axb5 16. bxc5 bxc4 17. Qxc4+ d5 18. Qb3 Kh7 19. Bb4 Re8 20. Nd2 Be6 21. Qc2 Rc8
22. Rfc1 Bf8 23. Ra1 Qd7 24. Qa4 Nf6 25. Qxd7+ Nxd7 26. Nb3 Nxb6 27. Ra7 Rb8
28. cxb6 Bxb4 29. Rc7+ Re7 30. Nc5 Bxc5 31. Rxc5 e4 32. Rc7 Rd7 33. dxe4 dxe4
34. f3 e3 35. f4 Kg8 36. Rxd7 Bxd7 37. Rxb7 Rc8 38. Rxd7 1-0

[Event "Landsturneringen NM i sjakk 2013"]
[Site "Radisson Blu Lillehammer Hotel"]
[Date "2013.06.29"]
[Round "1"]
[White "Ugland, Torge"]
[Black "Røilid, S. Kristian"]
[Result "0-1"]
[WhiteElo "1413"]
[BlackElo "1314"]
[PlyCount "60"]
[EventDate "2013.??.??"]

1. e4 d5 2. exd5 Qxd5 3. Nc3 Qa5 4. d4 Nf6 5. Bd3 Bg4 6. Nf3 Nc6 7. Bb5 Rd8 8.
O-O e6 9. Be3 Bb4 10. Qd3 Bxf3 11. gxf3 O-O 12. Bxc6 bxc6 13. Ne4 Qf5 14. Nxf6+
Qxf6 15. c3 Bd6 16. Qe4 Rb8 17. b3 Rb5 18. h4 Rf5 19. Bg5 Qg6 20. Kh1 h6 21.
Be3 Qf6 22. Rg1 Rxf3 23. Rxg7+ Kxg7 24. Rg1+ Kh8 25. Qg4 Rf5 26. c4 Bf4 27. b4
Bxe3 28. fxe3 Rf1 29. e4 Rxg1+ 30. Qxg1 Qxh4+
0-1

[Event "Landsturneringen NM i sjakk 2013"]
[Site "Radisson Blu Lillehammer Hotel"]
[Date "2013.06.29"]
[Round "1"]
[White "Kroken, John Olav"]
[Black "Hauan, Tore Martin Madsø"]
[Result "1-0"]
[WhiteElo "1275"]
[BlackElo "1367"]
[PlyCount "83"]
[EventDate "2013.??.??"]

1. d4 d5 2. Bf4 Nf6 3. e3 g6 4. Nf3 Bg7 5. c4 c6 6. Nc3 O-O 7. Qb3 e6 8. Be2
Nbd7 9. h3 Re8 10. O-O Qb6 11. Rfc1 Nh5 12. Bh2 f5 13. cxd5 exd5 14. Na4 Qxb3
15. axb3 Nhf6 16. b4 Ne4 17. Nc3 Ndf6 18. b5 Bd7 19. bxc6 bxc6 20. Ba6 Bc8 21.
Nxe4 dxe4 22. Ne5 Rb8 23. Bxc8 Rexc8 24. Nxc6 Rb7 25. Ne7+ Rxe7 26. Rxc8+ Kf7
27. Rc7 Rxc7 28. Bxc7 Nd5 29. Rxa7 Ke6 30. Ba5 Bf8 31. Rxh7 f4 32. Bd2 fxe3 33.
fxe3 Bd6 34. Rh6 Kf5 35. g4+ Kg5 36. Rh8 Nb6 37. Re8 Nc4 38. Bc1 Kh4 39. Kg2
Ne5 40. dxe5 Bxe5 41. Rxe5 g5 42. Kf1 1-0

[Event "Landsturneringen NM i sjakk 2013"]
[Site "Radisson Blu Lillehammer Hotel"]
[Date "2013.06.29"]
[Round "1"]
[White "Dyrhaug, Sverre S"]
[Black "Lorem, Geir F"]
[Result "0-1"]
[WhiteElo "1335"]
[BlackElo "1425"]
[PlyCount "58"]
[EventDate "2013.??.??"]

1. e4 c5 2. Nf3 d6 3. d4 cxd4 4. Nxd4 Nf6 5. Nc3 a6 6. Be3 e5 7. Nb3 Be6 8. f3
h5 9. Qd2 Nbd7 10. O-O-O Rc8 11. Be2 Be7 12. Kb1 b5 13. f4 Ng4 14. Nd5 Bxd5 15.
exd5 Nxe3 16. Qxe3 exf4 17. Qxf4 Qc7 18. Nd4 Bf6 19. Rhf1 Ne5 20. Rde1 Qc5 21.
Ka1 Rc7 22. Nf5 O-O 23. Bxh5 Qxd5 24. Qg3 Rxc2 25. Rf4 Qxg2 26. Qxg2 Rxg2 27.
Nxd6 Nd3 28. Rfe4 Nxe1 29. Rxe1 Rxb2
0-1

[Event "Landsturneringen NM i sjakk 2013"]
[Site "Radisson Blu Lillehammer Hotel"]
[Date "2013.06.29"]
[Round "1"]
[White "Olsen, Jens Petter"]
[Black "Brekke, John Ivar"]
[Result "0-1"]
[WhiteElo "1284"]
[BlackElo "1384"]
[PlyCount "70"]
[EventDate "2013.??.??"]

1. e4 b6 2. d4 Bb7 3. Nc3 e6 4. Bd3 Nf6 5. Bg5 Be7 6. Nf3 d5 7. exd5 Nxd5 8.
Bxe7 Nxe7 9. Be4 Bxe4 10. Nxe4 Qd5 11. Qd3 Nd7 12. O-O O-O 13. Nc3 Qf5 14. Ne4
h6 15. Rfe1 Rfd8 16. Rad1 c5 17. Ng3 Qxd3 18. Rxd3 c4 19. Rd2 Nd5 20. c3 b5 21.
a3 a5 22. Red1 Rdc8 23. Ne4 b4 24. Ne5 Nxe5 25. dxe5 bxa3 26. bxa3 Rab8 27. Ra2
Rb3 28. Rc1 f5 29. exf6 gxf6 30. Nd2 Nxc3 31. Nxb3 Nxa2 32. Rc2 Rd8 33. Rd2
Rxd2 34. Nxd2 c3 35. Nb3 c2 0-1

[Event "Landsturneringen NM i sjakk 2013"]
[Site "Radisson Blu Lillehammer Hotel"]
[Date "2013.06.29"]
[Round "1"]
[White "Dybvik, Bjørn Noralf"]
[Black "Lindsjørn, Yngve"]
[Result "1/2-1/2"]
[WhiteElo "1252"]
[BlackElo "1376"]
[PlyCount "74"]
[EventDate "2013.??.??"]

1. e4 Nc6 2. Nf3 d5 3. exd5 Qxd5 4. Nc3 Qa5 5. Bb5 a6 6. Bxc6+ bxc6 7. h3 e5 8.
Qe2 Bd6 9. O-O Ne7 10. Re1 f6 11. d4 exd4 12. Nxd4 Qe5 13. Nf3 Qxe2 14. Rxe2
O-O 15. Be3 Nd5 16. Nxd5 cxd5 17. Rae1 Bd7 18. Rd2 Rab8 19. c3 Bc6 20. Nd4 Ba8
21. Nf5 Rfe8 22. Nxd6 cxd6 23. Rde2 Kf7 24. Bd4 Bc6 25. b4 Bb5 26. Rxe8 Rxe8
27. Rxe8 Kxe8 28. f4 Kf7 29. Kf2 g6 30. Ke3 Bf1 31. Kf2 Bd3 32. h4 h5 33. g3 f5
34. Ke3 Bc4 35. a3 Ke6 36. Ba7 Kd7 37. Bb8 Kc6 1/2-1/2

[Event "Landsturneringen NM i sjakk 2013"]
[Site "Radisson Blu Lillehammer Hotel"]
[Date "2013.06.29"]
[Round "1"]
[White "Strand, Ingrid"]
[Black "Eggerud, Frank"]
[Result "1/2-1/2"]
[WhiteElo "1316"]
[BlackElo "1416"]
[PlyCount "66"]
[EventDate "2013.??.??"]

1. d4 e6 2. c4 Nf6 3. Nc3 Bb4 4. Bd2 O-O 5. Nf3 d5 6. a3 Be7 7. Bf4 c6 8. e3
Nbd7 9. Be2 a6 10. Rc1 dxc4 11. Bxc4 b5 12. Bd3 Bb7 13. O-O c5 14. Qe2 cxd4 15.
exd4 Rc8 16. h3 Nb6 17. Rfd1 Nbd5 18. Nxd5 Qxd5 19. Re1 Rxc1 20. Rxc1 Rc8 21.
Rxc8+ Bxc8 22. Qc2 Qb7 23. Be5 h6 24. Nh2 Qd7 25. Qe2 Bb7 26. Ng4 Nxg4 27. Qxg4
Bf8 28. f3 Qc6 29. Bf4 Kh8 30. Qh5 Qd7 31. Be5 Kg8 32. Qg4 Qc6 33. Bf4 Kh8
1/2-1/2

[Event "Landsturneringen NM i sjakk 2013"]
[Site "Radisson Blu Lillehammer Hotel"]
[Date "2013.06.29"]
[Round "1"]
[White "Yilmaz, Kazim"]
[Black "Ellingsrud, Bjørn"]
[Result "1/2-1/2"]
[WhiteElo "1368"]
[BlackElo "1262"]
[PlyCount "41"]
[EventDate "2013.??.??"]

1. e4 e5 2. Nf3 Nc6 3. Bb5 a6 4. Ba4 Nf6 5. O-O b5 6. Bb3 Bc5 7. d3 h6 8. Nc3
O-O 9. h3 d6 10. a4 b4 11. Nd5 Nxd5 12. Bxd5 Bb7 13. Be3 Qe7 14. Bxc5 dxc5 15.
Bxc6 Bxc6 16. b3 Rfd8 17. Qe2 Rd6 18. Nd2 Bd7 19. f4 Rf6 20. f5 g6 21. g4
1/2-1/2

[Event "Landsturneringen NM i sjakk 2013"]
[Site "Radisson Blu Lillehammer Hotel"]
[Date "2013.06.29"]
[Round "1"]
[White "Jacobsen, Caroline Beer"]
[Black "Fadnes, Bård"]
[Result "1/2-1/2"]
[WhiteElo "1334"]
[BlackElo "1396"]
[PlyCount "74"]
[EventDate "2013.??.??"]

1. c4 c5 2. Nc3 Nc6 3. g3 g6 4. Bg2 Bg7 5. Nf3 Nf6 6. O-O O-O 7. d4 cxd4 8.
Nxd4 Qb6 9. Nxc6 dxc6 10. Qc2 Be6 11. Be3 Qb4 12. b3 Ng4 13. Bd2 Rad8 14. Ne4
Rxd2 15. Nxd2 Bxa1 16. Rxa1 Rd8 17. Nf3 Qc5 18. e3 Bf5 19. e4 Bc8 20. h3 Ne5
21. Nxe5 Qxe5 22. Rd1 Qc7 23. f4 Rxd1+ 24. Qxd1 Qd7 25. Qxd7 Bxd7 26. Kf2 Kg7
27. Ke3 c5 28. e5 b6 29. g4 f5 30. g5 e6 31. Kd3 Kf7 32. Kc3 a5 33. Bf3 Ke7 34.
a4 Kf7 35. Bg2 Kg7 36. h4 h6 37. Bf3 hxg5 1/2-1/2

[Event "Landsturneringen NM i sjakk 2013"]
[Site "Radisson Blu Lillehammer Hotel"]
[Date "2013.06.29"]
[Round "1"]
[White "Birkestrand, Odd H"]
[Black "Solli, Jarle"]
[Result "1/2-1/2"]
[WhiteElo "1412"]
[BlackElo "1304"]
[PlyCount "108"]
[EventDate "2013.??.??"]

1. e4 e6 2. d4 d5 3. e5 c5 4. c3 cxd4 5. cxd4 Nc6 6. Nf3 Bb4+ 7. Bd2 Qb6 8.
Bxb4 Qxb4+ 9. Qd2 Nge7 10. Nc3 Nf5 11. Bb5 O-O 12. a3 Qa5 13. O-O Qb6 14. Bxc6
Qxc6 15. Rac1 Qe8 16. Ne2 Bd7 17. Rc3 Rc8 18. Rfc1 Rxc3 19. Rxc3 Bc6 20. Qf4 f6
21. Qg4 Nh6 22. Qh3 Bb5 23. Ng3 Kh8 24. Nh5 Qg6 25. Rc1 Be2 26. Nf4 Qe4 27.
Nxe6 Rg8 28. Nc5 Qf4 29. Rc3 Bxf3 30. Qxf3 Qxd4 31. e6 b6 32. Nd3 Re8 33. Nf4
Qe5 34. g3 d4 35. Rd3 Rc8 36. Qd1 Nf5 37. Qd2 g5 38. Ne2 Rd8 39. Kf1 Qxe6 40.
Nc3 Qc6 41. Kg1 Rd6 42. Ne2 Qd5 43. Qb4 Kg7 44. Qa4 Re6 45. Qd1 Re4 46. Nc3 Qc6
47. Nxe4 Qxe4 48. Rd2 h5 49. Qe2 Qc6 50. Rc2 Qd7 51. Qxh5 d3 52. Rd2 Qd5 53.
Qd1 Qa2 54. Qc1 Nd4 1/2-1/2

[Event "Landsturneringen NM i sjakk 2013"]
[Site "Radisson Blu Lillehammer Hotel"]
[Date "2013.06.29"]
[Round "2"]
[White "Lensebakken, Jonar"]
[Black "Olsen, Rolf A"]
[Result "1-0"]
[WhiteElo "1259"]
[BlackElo "1338"]
[PlyCount "113"]
[EventDate "2013.??.??"]

1. d4 Nf6 2. Nf3 g6 3. Bg5 Bg7 4. e3 d6 5. Bd3 O-O 6. c3 Nbd7 7. O-O c5 8. Nbd2
Qc7 9. Rc1 a6 10. Ne4 c4 11. Bb1 b5 12. a3 Bb7 13. Nxf6+ Nxf6 14. Re1 Ne4 15.
Bf4 Rfd8 16. Ng5 Nf6 17. h3 e5 18. Bh2 Qc6 19. Nf3 e4 20. d5 Qe8 21. Nd4 h6 22.
b3 Rac8 23. Ba2 Bxd5 24. Qd2 cxb3 25. Nxb3 Bc4 26. Nd4 d5 27. f3 Nh7 28. fxe4
dxe4 29. Qf2 Rc5 30. Bxc4 Rxc4 31. Rf1 Ng5 32. Qb2 Be5 33. Bf4 Bxf4 34. Rxf4
Ne6 35. Rf6 Rd5 36. Rcf1 Nxd4 37. cxd4 Rf5 38. R1xf5 gxf5 39. Rxf5 Qe6 40. Rf4
Qc6 41. Qb3 Qe6 42. Qb1 Qc6 43. Qb3 Qe6 44. Qb1 f5 45. Qf1 Rc3 46. Rxf5 Rxa3
47. Qf4 Rc3 48. Rf6 Qe7 49. Rxa6 Rc1+ 50. Kh2 Qc7 51. Qxc7 Rxc7 52. Rxh6 Rb7
53. Rc6 b4 54. Rc1 b3 55. Kg3 Ra7 56. Rb1 Ra3 57. Kf4 1-0

[Event "Landsturneringen NM i sjakk 2013"]
[Site "Radisson Blu Lillehammer Hotel"]
[Date "2013.06.29"]
[Round "2"]
[White "Ødegaard, Karl Eirik"]
[Black "Tallaksen, Henrik G"]
[Result "1/2-1/2"]
[WhiteElo "1258"]
[BlackElo "1293"]
[PlyCount "77"]
[EventDate "2013.??.??"]

1. c4 c5 2. Nf3 Nc6 3. g3 g6 4. Bg2 Bg7 5. O-O Nf6 6. Nc3 O-O 7. d3 d6 8. Bd2
Rb8 9. Qc1 Bd7 10. Bh6 a6 11. Bxg7 Kxg7 12. Nd5 e6 13. Nxf6 Qxf6 14. Qc3 Qxc3
15. bxc3 b5 16. cxb5 Rxb5 17. Nd2 Ne7 18. Nc4 d5 19. Ne5 Be8 20. e4 f6 21. Nf3
dxe4 22. dxe4 Bc6 23. e5 Bxf3 24. Bxf3 fxe5 25. Be2 Rb6 26. Bc4 Nd5 27. Rae1
Kf6 28. Rc1 Ke7 29. a4 a5 30. Bb5 Rf3 31. c4 Nb4 32. Kg2 Rd3 33. Rce1 Nc6 34.
Re4 Rd2 35. Rfe1 Kf6 36. Kg1 Nd4 37. R4e3 Rd6 38. Rf1 Nc6 39. f4 1/2-1/2

[Event "Landsturneringen NM i sjakk 2013"]
[Site "Radisson Blu Lillehammer Hotel"]
[Date "2013.06.29"]
[Round "2"]
[White "Jakobsen, Øivind"]
[Black "Mørkedal, Øyvind"]
[Result "1/2-1/2"]
[WhiteElo "1368"]
[BlackElo "1346"]
[PlyCount "98"]
[EventDate "2013.??.??"]

1. d4 d5 2. Nc3 Nf6 3. Bf4 e6 4. Qd3 Bd6 5. Bg3 a6 6. f3 Nc6 7. a3 Nh5 8. O-O-O
Qg5+ 9. e3 Nxg3 10. hxg3 h6 11. Nge2 b5 12. f4 Qe7 13. e4 dxe4 14. Nxe4 O-O 15.
Ng5 f5 16. Nf3 Na5 17. Nc3 Bb7 18. d5 Rad8 19. Nh4 Qf7 20. Be2 exd5 21. Bf3 c6
22. Ne2 c5 23. Kb1 d4 24. Bxb7 Nxb7 25. Qd2 Bc7 26. Nc1 Na5 27. Qf2 Nc4 28. Nd3
Ne3 29. Rd2 Bb6 30. Nf3 Ng4 31. Qf1 Rfe8 32. Nfe5 Ne3 33. Qf3 Qe6 34. Re2 Ng4
35. Rhe1 Nxe5 36. Rxe5 Qf7 37. Rxe8+ Rxe8 38. Rxe8+ Qxe8 39. Qd5+ Kh8 40. Qxf5
c4 41. Ne5 Bc7 42. Ng6+ Kg8 43. Qd5+ Kh7 44. Ne5 Qd8 45. Nd7 Qe7 46. Ne5 Qd6
47. Qe4+ Kg8 48. Qa8+ Kh7 49. Qe4+ Kg8 1/2-1/2

[Event "Landsturneringen NM i sjakk 2013"]
[Site "Radisson Blu Lillehammer Hotel"]
[Date "2013.06.29"]
[Round "2"]
[White "Jensen, Torben Winther"]
[Black "Kristensen, Trond"]
[Result "1-0"]
[WhiteElo "1491"]
[BlackElo "1346"]
[PlyCount "60"]
[EventDate "2013.??.??"]

1. e4 e5 2. Nf3 f5 3. d3 Nf6 4. Nc3 Bb4 5. exf5 O-O 6. Bg5 d6 7. Nh4 Nc6 8. Be2
Ne7 9. g4 Ned5 10. Qd2 Nf4 11. Bf3 Nh3 12. Ng2 c6 13. Bh4 d5 14. a3 Qa5 15.
O-O-O Bd6 16. Kb1 b5 17. Nxd5 Qxd2 18. Nxf6+ gxf6 19. Rxd2 Bd7 20. d4 Rad8 21.
dxe5 Bxe5 22. Rhd1 Rf7 23. Ne3 c5 24. Bd5 Bd4 25. Bxf7+ Kxf7 26. c3 Bxe3 27.
fxe3 Ke7 28. Bxf6+ Kxf6 29. Rxd7 Re8 30. Rxh7 Nf2 1-0